[Event "Russian Blitz Championship (m)"]
[Site "Sochi"]
[Date "2022.10.14"]
[Round "9.2"]
[White "Smirnov, Pavel"]
[Black "Artemiev, Vladislav"]
[Result "1/2-1/2"]
[BlackElo "2832"]
[WhiteElo "2467"]
[LiveChessVersion "1.4.8"]

1. d4 {[%clk 0:03:02]} Nf6 {[%clk 0:03:01]} 2. c4 {[%clk 0:03:03]} e6
{[%clk 0:03:02]} 3. Nf3 {[%clk 0:02:58]} d5 {[%clk 0:03:02]} 4. Nc3
{[%clk 0:02:58]} Nbd7 {[%clk 0:02:58]} 5. Bg5 {[%clk 0:02:53]} h6
{[%clk 0:02:58]} 6. Bh4 {[%clk 0:02:52]} Be7 {[%clk 0:02:59]} 7. e3
{[%clk 0:02:52]} O-O {[%clk 0:02:58]} 8. Rc1 {[%clk 0:02:52]} a6 {[%clk 0:02:39]}
9. cxd5 {[%clk 0:02:31]} exd5 {[%clk 0:02:40]} 10. Bd3 {[%clk 0:02:32]} c6
{[%clk 0:02:41]} 11. Qc2 {[%clk 0:02:14]} Re8 {[%clk 0:02:40]} 12. O-O
{[%clk 0:02:10]} Ne4 {[%clk 0:02:37]} 13. Bxe7 {[%clk 0:01:54]} Qxe7
{[%clk 0:02:38]} 14. Bxe4 {[%clk 0:01:54]} dxe4 {[%clk 0:02:39]} 15. Nd2
{[%clk 0:01:55]} Nf6 {[%clk 0:02:39]} 16. Nc4 {[%clk 0:01:51]} Bf5
{[%clk 0:01:40]} 17. f4 {[%clk 0:01:35]} Rad8 {[%clk 0:01:14]} 18. Ne5
{[%clk 0:01:19]} Nd5 {[%clk 0:01:04]} 19. Qe2 {[%clk 0:00:53]} f6
{[%clk 0:00:54]} 20. Nc4 {[%clk 0:00:54]} Nb4 {[%clk 0:00:55]} 21. Nd2
{[%clk 0:00:47]} Qe6 {[%clk 0:00:40]} 22. Nb3 {[%clk 0:00:39]} Nd3
{[%clk 0:00:38]} 23. Rc2 {[%clk 0:00:39]} Qf7 {[%clk 0:00:19]} 24. h3
{[%clk 0:00:37]} Be6 {[%clk 0:00:18]} 25. Nd2 {[%clk 0:00:32]} Nb4
{[%clk 0:00:18]} 26. Rcc1 {[%clk 0:00:30]} Bxa2 {[%clk 0:00:14]} 27. Ncxe4
{[%clk 0:00:28]} Qe7 {[%clk 0:00:14]} 28. Rfe1 {[%clk 0:00:22]} Bf7
{[%clk 0:00:14]} 29. Qf1 {[%clk 0:00:18]} Nd5 {[%clk 0:00:11]} 30. Qf2
{[%clk 0:00:17]} Qb4 {[%clk 0:00:09]} 31. Nc5 {[%clk 0:00:16]} b6
{[%clk 0:00:08]} 32. Nd3 {[%clk 0:00:16]} Qb5 {[%clk 0:00:09]} 33. Nc4
{[%clk 0:00:11]} Nxe3 {[%clk 0:00:08]} 34. Nxe3 {[%clk 0:00:10]} Qxd3
{[%clk 0:00:08]} 35. Rxc6 {[%clk 0:00:11]} Qxd4 {[%clk 0:00:08]} 36. Kh2
{[%clk 0:00:07]} Qb4 {[%clk 0:00:05]} 37. Qg3 {[%clk 0:00:07]} Qf8
{[%clk 0:00:04]} 38. Rxf6 {[%clk 0:00:07]} Kh7 {[%clk 0:00:04]} 39. Rxb6
{[%clk 0:00:08]} Qc5 {[%clk 0:00:05]} 40. Rb7 {[%clk 0:00:07]} Re7
{[%clk 0:00:04]} 41. Nf5 {[%clk 0:00:07]} Qxf5 {[%clk 0:00:04]} 42. Rexe7
{[%clk 0:00:08]} Rf8 {[%clk 0:00:06]} 43. Qf3 {[%clk 0:00:04]} Kg8
{[%clk 0:00:04]} 44. Qe3 {[%clk 0:00:04]} Qf6 {[%clk 0:00:04]} 45. Qe5
{[%clk 0:00:05]} Qc6 {[%clk 0:00:05]} 46. Rbc7 {[%clk 0:00:06]} Qg6
{[%clk 0:00:05]} 47. f5 {[%clk 0:00:07]} Qg5 {[%clk 0:00:05]} 48. f6
{[%clk 0:00:07]} Qxe5+ {[%clk 0:00:04]} 49. Rxe5 {[%clk 0:00:08]} gxf6
{[%clk 0:00:05]} 50. Ree7 {[%clk 0:00:10]} Kg7 {[%clk 0:00:07]} 51. Ra7
{[%clk 0:00:10]} Kg6 {[%clk 0:00:08]} 52. Rxa6 {[%clk 0:00:11]} Rb8
{[%clk 0:00:09]} 53. Raa7 {[%clk 0:00:12]} Bd5 {[%clk 0:00:10]} 54. Rg7+
{[%clk 0:00:13]} Kf5 {[%clk 0:00:11]} 55. Ra5 {[%clk 0:00:14]} Ke6
{[%clk 0:00:12]} 56. Rg3 {[%clk 0:00:15]} Rxb2 {[%clk 0:00:06]} 57. Re3+ Kd6 58.
Rd3 {[%clk 0:00:17]} Rxg2+ {[%clk 0:00:09]} 59. Kh1 {[%clk 0:00:18]} Rg5+
{[%clk 0:00:08]} 60. Kh2 {[%clk 0:00:18]} Rg2+ {[%clk 0:00:09]} 1/2-1/2

[Event "Russian Blitz Championship (m)"]
[Site "Sochi"]
[Date "2022.10.14"]
[Round "9.3"]
[White "Sjugirov, Sanan"]
[Black "Ponkratov, Pavel"]
[Result "1-0"]
[BlackElo "2515"]
[WhiteElo "2609"]
[LiveChessVersion "1.4.8"]

1. d4 {[%clk 0:03:00]} e6 {[%clk 0:03:03]} 2. c4 {[%clk 0:03:00]} c5
{[%clk 0:03:04]} 3. d5 {[%clk 0:02:58]} exd5 {[%clk 0:03:05]} 4. cxd5
{[%clk 0:02:59]} d6 {[%clk 0:03:06]} 5. Nc3 {[%clk 0:03:00]} g6 {[%clk 0:03:08]}
6. e4 {[%clk 0:02:54]} Bg7 {[%clk 0:03:08]} 7. Nf3 {[%clk 0:02:46]} a6
{[%clk 0:03:09]} 8. h3 {[%clk 0:02:28]} b5 {[%clk 0:03:08]} 9. Bd3
{[%clk 0:02:28]} Nf6 {[%clk 0:03:01]} 10. O-O {[%clk 0:02:26]} O-O
{[%clk 0:03:01]} 11. a4 {[%clk 0:02:18]} c4 {[%clk 0:02:50]} 12. Bc2
{[%clk 0:02:07]} b4 {[%clk 0:02:50]} 13. Ne2 {[%clk 0:02:08]} Re8
{[%clk 0:02:46]} 14. Ng3 {[%clk 0:02:04]} a5 {[%clk 0:02:47]} 15. Re1
{[%clk 0:02:03]} Nbd7 {[%clk 0:02:41]} 16. Bf4 {[%clk 0:02:00]} Nc5
{[%clk 0:02:30]} 17. Nd4 {[%clk 0:01:59]} Qb6 {[%clk 0:02:28]} 18. Nb5
{[%clk 0:01:56]} b3 {[%clk 0:01:47]} 19. Bb1 {[%clk 0:01:57]} Nxa4
{[%clk 0:01:29]} 20. Nxd6 {[%clk 0:01:28]} Nxb2 {[%clk 0:01:30]} 21. Qd2
{[%clk 0:01:27]} Rd8 {[%clk 0:01:31]} 22. e5 {[%clk 0:01:12]} Rxd6
{[%clk 0:01:31]} 23. exd6 {[%clk 0:01:14]} Bd7 {[%clk 0:01:02]} 24. Qxb2
{[%clk 0:01:04]} Nxd5 {[%clk 0:01:03]} 25. Be5 {[%clk 0:00:42]} c3
{[%clk 0:01:02]} 26. Qa3 {[%clk 0:00:22]} Re8 {[%clk 0:00:56]} 27. Qxa5
{[%clk 0:00:21]} Qc6 {[%clk 0:00:58]} 28. Be4 {[%clk 0:00:18]} Rxe5
{[%clk 0:00:44]} 29. Bxd5 {[%clk 0:00:19]} Rxd5 {[%clk 0:00:42]} 30. Qd8+
{[%clk 0:00:15]} Bf8 {[%clk 0:00:42]} 31. Ra8 {[%clk 0:00:15]} Qxd6
{[%clk 0:00:43]} 32. Ne4 {[%clk 0:00:15]} Re5 {[%clk 0:00:06]} 33. Nxd6
{[%clk 0:00:15]} Rxe1+ {[%clk 0:00:07]} 34. Kh2 {[%clk 0:00:16]} Be8
{[%clk 0:00:08]} 35. Nxe8 {[%clk 0:00:16]} c2 {[%clk 0:00:09]} 36. Nf6+
{[%clk 0:00:16]} Kg7 {[%clk 0:00:10]} 37. Qxf8+ {[%clk 0:00:15]} Kxf6
{[%clk 0:00:12]} 38. Ra6+ {[%clk 0:00:12]} Kg5 {[%clk 0:00:13]} 39. Qd8+
{[%clk 0:00:12]} Kh5 {[%clk 0:00:13]} 40. Qd5+ {[%clk 0:00:10]} f5
{[%clk 0:00:14]} 41. Qf3+ {[%clk 0:00:08]} Kg5 {[%clk 0:00:14]} 42. h4+
{[%clk 0:00:08]} Kxh4 {[%clk 0:00:13]} 43. Qf4+ {[%clk 0:00:08]} Kh5
{[%clk 0:00:15]} 44. g4+ {[%clk 0:00:09]} Kh4 {[%clk 0:00:13]} 45. Qg3+
{[%clk 0:00:07]} Kg5 {[%clk 0:00:14]} 46. gxf5+ {[%clk 0:00:08]} Kh5
{[%clk 0:00:14]} 47. Qh3+ {[%clk 0:00:07]} Kg5 {[%clk 0:00:15]} 48. f4+
{[%clk 0:00:07]} 1-0

[Event "Russian Blitz Championship (m)"]
[Site "Sochi"]
[Date "2022.10.14"]
[Round "9.4"]
[White "Afanasiev, Nikita"]
[Black "Tsydypov, Zhamsaran"]
[Result "1/2-1/2"]
[BlackElo "2598"]
[WhiteElo "2541"]
[LiveChessVersion "1.4.8"]

1. e4 {[%clk 0:03:02]} c5 {[%clk 0:03:03]} 2. Nf3 {[%clk 0:03:01]} d6
{[%clk 0:03:04]} 3. d4 {[%clk 0:03:00]} cxd4 {[%clk 0:03:05]} 4. Qxd4
{[%clk 0:03:00]} Nc6 {[%clk 0:03:02]} 5. Qe3 {[%clk 0:03:01]} g6 {[%clk 0:02:47]}
6. Be2 {[%clk 0:03:01]} Bg7 {[%clk 0:02:20]} 7. O-O {[%clk 0:03:01]} Nh6
{[%clk 0:02:06]} 8. Rd1 {[%clk 0:02:52]} O-O {[%clk 0:02:04]} 9. h3
{[%clk 0:02:30]} f5 {[%clk 0:02:00]} 10. e5 {[%clk 0:02:31]} Nf7 {[%clk 0:01:52]}
11. Bc4 {[%clk 0:02:20]} Ncxe5 {[%clk 0:01:34]} 12. Nxe5 {[%clk 0:02:10]} Bxe5
{[%clk 0:01:35]} 13. Nc3 {[%clk 0:01:37]} f4 {[%clk 0:01:29]} 14. Qf3
{[%clk 0:01:33]} g5 {[%clk 0:01:16]} 15. Qh5 {[%clk 0:01:24]} h6 {[%clk 0:00:45]}
16. Qg6+ {[%clk 0:01:06]} Bg7 {[%clk 0:00:45]} 17. h4 {[%clk 0:01:07]} e6
{[%clk 0:00:38]} 18. Bxe6 {[%clk 0:01:02]} Bxe6 {[%clk 0:00:38]} 19. Qxe6
{[%clk 0:01:03]} Re8 {[%clk 0:00:30]} 20. Qg6 {[%clk 0:00:56]} Ne5
{[%clk 0:00:27]} 21. Qf5 Qe7 {[%clk 0:00:23]} 22. hxg5 {[%clk 0:00:45]} hxg5
{[%clk 0:00:24]} 23. Nd5 {[%clk 0:00:43]} Qd8 {[%clk 0:00:17]} 24. Bd2
{[%clk 0:00:42]} Rf8 {[%clk 0:00:13]} 25. Qe6+ {[%clk 0:00:43]} Rf7
{[%clk 0:00:15]} 26. Bb4 {[%clk 0:00:43]} Qd7 {[%clk 0:00:12]} 27. Qxd7
{[%clk 0:00:33]} Rxd7 {[%clk 0:00:13]} 28. b3 {[%clk 0:00:32]} Kf7
{[%clk 0:00:14]} 29. c4 {[%clk 0:00:19]} Rh8 {[%clk 0:00:14]} 30. Rac1
{[%clk 0:00:14]} f3 {[%clk 0:00:14]} 31. Bc3 {[%clk 0:00:10]} g4 {[%clk 0:00:16]}
32. Ne3 {[%clk 0:00:10]} fxg2 {[%clk 0:00:09]} 33. Kxg2 {[%clk 0:00:11]} Ke6
{[%clk 0:00:08]} 34. Re1 {[%clk 0:00:08]} Nd3 {[%clk 0:00:07]} 35. Nxg4+
{[%clk 0:00:06]} Nxe1+ {[%clk 0:00:07]} 36. Rxe1+ {[%clk 0:00:07]} Kf5
{[%clk 0:00:07]} 37. Ne3+ {[%clk 0:00:08]} Kg6 {[%clk 0:00:08]} 38. Bxg7
{[%clk 0:00:06]} Kxg7 {[%clk 0:00:07]} 39. Rd1 {[%clk 0:00:08]} Kg6
{[%clk 0:00:07]} 40. Kf3 {[%clk 0:00:09]} Rf8+ {[%clk 0:00:09]} 41. Ke2
{[%clk 0:00:10]} Rf6 {[%clk 0:00:10]} 42. Rd2 {[%clk 0:00:07]} Rdf7
{[%clk 0:00:10]} 43. Kf1 {[%clk 0:00:08]} Kg5 {[%clk 0:00:10]} 44. Nd5
{[%clk 0:00:09]} Rh6 {[%clk 0:00:10]} 45. Ne3 {[%clk 0:00:09]} Re6
{[%clk 0:00:11]} 46. Rd3 {[%clk 0:00:09]} Kg6 {[%clk 0:00:11]} 47. a4
{[%clk 0:00:09]} b6 {[%clk 0:00:10]} 48. Ke2 {[%clk 0:00:09]} Ref6
{[%clk 0:00:10]} 49. Ng4 {[%clk 0:00:10]} Rf4 {[%clk 0:00:07]} 50. Rxd6+
{[%clk 0:00:11]} Kg5 {[%clk 0:00:09]} 51. Ne5 {[%clk 0:00:08]} Rxf2+
{[%clk 0:00:09]} 52. Ke3 {[%clk 0:00:10]} R7f6 {[%clk 0:00:09]} 53. Rd5
{[%clk 0:00:09]} R2f5 {[%clk 0:00:09]} 54. Ke4 {[%clk 0:00:06]} Re6
{[%clk 0:00:07]} 55. Kd4 {[%clk 0:00:08]} Kf6 {[%clk 0:00:07]} 56. Nd7+
{[%clk 0:00:07]} Kg6 {[%clk 0:00:07]} 57. Ne5+ {[%clk 0:00:07]} Kg5
{[%clk 0:00:07]} 58. a5 {[%clk 0:00:04]} bxa5 59. Rxa5 a6 60. Rd5
{[%clk 0:00:06]} Rb6 {[%clk 0:00:07]} 61. Kc3 {[%clk 0:00:06]} Kf4
{[%clk 0:00:07]} 62. Nd3+ {[%clk 0:00:07]} Ke4 {[%clk 0:00:07]} 63. Nc5+
{[%clk 0:00:09]} Kf4 {[%clk 0:00:08]} 64. Nd3+ {[%clk 0:00:10]} Kg5
{[%clk 0:00:10]} 65. Rxf5+ {[%clk 0:00:09]} Kxf5 {[%clk 0:00:11]} 66. c5
{[%clk 0:00:10]} Rg6 {[%clk 0:00:07]} 67. Kc4 {[%clk 0:00:10]} Ke6
{[%clk 0:00:09]} 68. Kb4 {[%clk 0:00:08]} Rg3 {[%clk 0:00:07]} 69. Nb2
{[%clk 0:00:07]} Kd5 {[%clk 0:00:08]} 70. Nc4 {[%clk 0:00:07]} Rh3
{[%clk 0:00:07]} 71. Nb6+ {[%clk 0:00:06]} Kc6 {[%clk 0:00:08]} 72. Nc4
{[%clk 0:00:07]} Rh4 {[%clk 0:00:09]} 73. Ka5 {[%clk 0:00:07]} Kxc5
{[%clk 0:00:08]} 74. Kxa6 {[%clk 0:00:08]} Rh3 {[%clk 0:00:08]} 75. Na5
{[%clk 0:00:05]} Rh7 {[%clk 0:00:07]} 76. Nb7+ {[%clk 0:00:06]} Kb4
{[%clk 0:00:08]} 77. Kb6 {[%clk 0:00:07]} Rh6+ {[%clk 0:00:07]} 78. Kc7
{[%clk 0:00:08]} Kxb3 {[%clk 0:00:08]} 79. Nd6 {[%clk 0:00:06]} Kb4
{[%clk 0:00:09]} 80. Kc6 {[%clk 0:00:07]} Rg6 {[%clk 0:00:09]} 81. Kd5
{[%clk 0:00:08]} Rg1 {[%clk 0:00:08]} 82. Kc6 {[%clk 0:00:09]} Rd1
{[%clk 0:00:09]} 83. Ne4 {[%clk 0:00:07]} Rd4 {[%clk 0:00:10]} 84. Nd6
{[%clk 0:00:08]} Rd1 {[%clk 0:00:08]} 85. Ne4 {[%clk 0:00:09]} Ra1
{[%clk 0:00:09]} 86. Nd6 {[%clk 0:00:10]} Ra6+ {[%clk 0:00:09]} 87. Kd5
{[%clk 0:00:11]} Rb6 {[%clk 0:00:11]} 88. Ne4 {[%clk 0:00:12]} Rb5+
{[%clk 0:00:08]} 89. Kd4 {[%clk 0:00:13]} Rh5 {[%clk 0:00:07]} 90. Nd6
{[%clk 0:00:14]} Ka5 {[%clk 0:00:08]} 91. Ne4 {[%clk 0:00:14]} Kb6
{[%clk 0:00:10]} 92. Nd2 {[%clk 0:00:12]} Kc6 {[%clk 0:00:11]} 93. Nc4
{[%clk 0:00:13]} Rh4+ {[%clk 0:00:12]} 94. Kd3 {[%clk 0:00:15]} Kc5
{[%clk 0:00:10]} 95. Ne3 {[%clk 0:00:16]} Rf4 {[%clk 0:00:12]} 96. Ng2
{[%clk 0:00:16]} Ra4 {[%clk 0:00:11]} 97. Ne3 {[%clk 0:00:17]} Ra3+
{[%clk 0:00:11]} 98. Ke4 {[%clk 0:00:18]} Ra4+ {[%clk 0:00:12]} 99. Kd3
{[%clk 0:00:19]} Rb4 {[%clk 0:00:13]} 100. Kc3 {[%clk 0:00:19]} Rd4
{[%clk 0:00:13]} 101. Nc2 {[%clk 0:00:20]} Rd7 {[%clk 0:00:14]} 102. Ne3
{[%clk 0:00:21]} Rd8 {[%clk 0:00:15]} 103. Nc2 {[%clk 0:00:21]} Kd5
{[%clk 0:00:15]} 104. Nb4+ {[%clk 0:00:22]} Ke4 {[%clk 0:00:16]} 105. Kc4
{[%clk 0:00:20]} Rc8+ {[%clk 0:00:16]} 106. Kb5 {[%clk 0:00:21]} Rc1
{[%clk 0:00:17]} 107. Kb6 {[%clk 0:00:21]} Kd4 {[%clk 0:00:18]} 108. Kb5
{[%clk 0:00:22]} Rb1 {[%clk 0:00:19]} 109. Ka5 {[%clk 0:00:21]} Kc4
{[%clk 0:00:19]} 110. Na6 {[%clk 0:00:17]} Rb7 {[%clk 0:00:20]} 111. Ka4
{[%clk 0:00:15]} Rb5 {[%clk 0:00:19]} 112. Nc7 {[%clk 0:00:12]} Re5
{[%clk 0:00:21]} 113. Na6 {[%clk 0:00:12]} Re7 {[%clk 0:00:15]} 114. Ka5
{[%clk 0:00:13]} Rb7 {[%clk 0:00:16]} 115. Ka4 {[%clk 0:00:12]} Rb5
{[%clk 0:00:13]} 116. Nc7 {[%clk 0:00:13]} Rb1 {[%clk 0:00:13]} 117. Ka5
{[%clk 0:00:14]} Rb8 {[%clk 0:00:10]} 118. Na6 {[%clk 0:00:12]} Rb2
{[%clk 0:00:10]} 119. Nc7 {[%clk 0:00:11]} Kc5 {[%clk 0:00:10]} 120. Na6+
{[%clk 0:00:11]} Kc4 {[%clk 0:00:11]} 121. Nc7 {[%clk 0:00:13]} Rb7
{[%clk 0:00:12]} 122. Na6 {[%clk 0:00:11]} Rb5+ {[%clk 0:00:13]} 123. Ka4
{[%clk 0:00:13]} Re5 {[%clk 0:00:13]} 124. Nc7 {[%clk 0:00:11]} Kc5
{[%clk 0:00:11]} 125. Na6+ {[%clk 0:00:12]} Kc4 {[%clk 0:00:10]} 126. Nc7
{[%clk 0:00:13]} Rf5 {[%clk 0:00:10]} 127. Na6 {[%clk 0:00:11]} Rg5
{[%clk 0:00:10]} 128. Nc7 {[%clk 0:00:11]} Rg7 {[%clk 0:00:09]} 129. Na6
{[%clk 0:00:12]} Rg5 {[%clk 0:00:09]} 1/2-1/2

[Event "Russian Blitz Championship (m)"]
[Site "Sochi"]
[Date "2022.10.14"]
[Round "9.5"]
[White "Alekseev, Evgeny"]
[Black "Triapishko, Alexandr"]
[Result "1-0"]
[BlackElo "2479"]
[WhiteElo "2579"]
[LiveChessVersion "1.4.8"]

1. e4 {[%clk 0:03:03]} e5 {[%clk 0:03:01]} 2. Nf3 {[%clk 0:03:03]} Nc6
{[%clk 0:03:01]} 3. Bc4 {[%clk 0:03:02]} Nf6 {[%clk 0:02:57]} 4. d3
{[%clk 0:03:02]} Bc5 {[%clk 0:02:57]} 5. O-O {[%clk 0:03:01]} d6 {[%clk 0:02:57]}
6. c3 {[%clk 0:03:00]} a5 {[%clk 0:02:48]} 7. Bb3 {[%clk 0:02:58]} h6
{[%clk 0:02:44]} 8. Be3 {[%clk 0:02:53]} Qe7 {[%clk 0:02:04]} 9. Nbd2
{[%clk 0:02:41]} O-O {[%clk 0:01:55]} 10. Ba4 {[%clk 0:02:18]} Bxe3
{[%clk 0:01:44]} 11. fxe3 {[%clk 0:02:18]} Nd8 {[%clk 0:01:44]} 12. Bc2
{[%clk 0:02:01]} Ne6 {[%clk 0:01:08]} 13. Qe1 {[%clk 0:01:56]} Bd7
{[%clk 0:00:53]} 14. h3 {[%clk 0:01:43]} Nh7 {[%clk 0:00:39]} 15. Qg3
{[%clk 0:01:38]} Neg5 {[%clk 0:00:20]} 16. Nh4 {[%clk 0:01:04]} g6
{[%clk 0:00:20]} 17. Nhf3 {[%clk 0:00:57]} Nxf3+ {[%clk 0:00:15]} 18. Nxf3
{[%clk 0:00:56]} Kg7 {[%clk 0:00:13]} 19. Rf2 {[%clk 0:00:52]} Ng5
{[%clk 0:00:06]} 20. Nd2 {[%clk 0:00:51]} Ne6 {[%clk 0:00:05]} 21. Raf1
{[%clk 0:00:42]} Qg5 {[%clk 0:00:06]} 22. Qf3 a4 23. Kh2 {[%clk 0:00:40]} h5
{[%clk 0:00:05]} 24. Qe2 {[%clk 0:00:33]} h4 {[%clk 0:00:04]} 25. Kh1
{[%clk 0:00:30]} Qe7 {[%clk 0:00:03]} 26. Nf3 {[%clk 0:00:29]} Ng5
{[%clk 0:00:04]} 27. Nd2 {[%clk 0:00:25]} Ne6 {[%clk 0:00:04]} 28. Qe1
{[%clk 0:00:26]} Qg5 {[%clk 0:00:04]} 29. Nf3 {[%clk 0:00:26]} Qg3
{[%clk 0:00:05]} 30. Nxh4 {[%clk 0:00:25]} Ng5 {[%clk 0:00:03]} 31. Rxf7+
{[%clk 0:00:24]} Rxf7 {[%clk 0:00:03]} 32. Rxf7+ {[%clk 0:00:24]} 1-0

[Event "Russian Blitz Championship (m)"]
[Site "Sochi"]
[Date "2022.10.14"]
[Round "9.6"]
[White "Timofeev, Artyom"]
[Black "Obgolts, Erik"]
[Result "1/2-1/2"]
[BlackElo "2407"]
[WhiteElo "2579"]
[LiveChessVersion "1.4.8"]

1. e4 {[%clk 0:03:02]} c5 {[%clk 0:03:04]} 2. Nf3 {[%clk 0:03:00]} e6
{[%clk 0:03:05]} 3. d4 {[%clk 0:02:59]} cxd4 {[%clk 0:03:05]} 4. Nxd4
{[%clk 0:03:00]} Nf6 {[%clk 0:03:06]} 5. Nc3 {[%clk 0:03:01]} Nc6
{[%clk 0:03:07]} 6. Ndb5 {[%clk 0:02:54]} Bc5 {[%clk 0:03:08]} 7. Nd6+
{[%clk 0:02:44]} Ke7 {[%clk 0:03:09]} 8. Nxc8+ {[%clk 0:02:45]} Rxc8
{[%clk 0:03:09]} 9. Bd3 {[%clk 0:02:45]} Qc7 {[%clk 0:03:04]} 10. O-O
{[%clk 0:02:44]} h5 {[%clk 0:03:05]} 11. Bg5 {[%clk 0:02:38]} Kf8
{[%clk 0:03:06]} 12. Bh4 {[%clk 0:02:07]} Qf4 {[%clk 0:02:11]} 13. g3
{[%clk 0:01:54]} Qh6 {[%clk 0:02:04]} 14. Qc1 {[%clk 0:01:52]} Ng4
{[%clk 0:01:37]} 15. Qxh6 {[%clk 0:01:46]} Rxh6 {[%clk 0:01:37]} 16. h3
{[%clk 0:01:27]} Nge5 {[%clk 0:01:34]} 17. Kg2 {[%clk 0:01:27]} f6
{[%clk 0:01:30]} 18. f4 {[%clk 0:01:27]} Nxd3 {[%clk 0:01:31]} 19. cxd3
{[%clk 0:01:28]} Kf7 {[%clk 0:01:14]} 20. Rac1 {[%clk 0:01:23]} Rhh8
{[%clk 0:01:14]} 21. Rh1 {[%clk 0:00:56]} Be3 {[%clk 0:01:13]} 22. Rce1
{[%clk 0:00:53]} Bd4 {[%clk 0:01:08]} 23. g4 {[%clk 0:00:50]} hxg4
{[%clk 0:01:05]} 24. hxg4 {[%clk 0:00:51]} Nb4 {[%clk 0:01:06]} 25. Rd1
{[%clk 0:00:31]} Bxc3 {[%clk 0:01:03]} 26. bxc3 {[%clk 0:00:32]} Rxc3
{[%clk 0:01:04]} 27. Bf2 {[%clk 0:00:21]} Rxh1 {[%clk 0:01:01]} 28. Rxh1
{[%clk 0:00:18]} Nxd3 {[%clk 0:01:02]} 29. Be3 {[%clk 0:00:16]} Rc2+
{[%clk 0:01:01]} 30. Kf3 {[%clk 0:00:17]} Rxa2 {[%clk 0:01:01]} 31. Rd1
{[%clk 0:00:18]} Ra3 {[%clk 0:01:02]} 32. Ke2 {[%clk 0:00:19]} Nb2
{[%clk 0:00:24]} 33. Rxd7+ {[%clk 0:00:19]} Kg8 {[%clk 0:00:25]} 34. Rxb7
{[%clk 0:00:17]} Nc4 {[%clk 0:00:26]} 35. Bc5 {[%clk 0:00:13]} Rg3
{[%clk 0:00:24]} 36. Bf2 {[%clk 0:00:06]} Rxg4 {[%clk 0:00:21]} 37. Kf3
{[%clk 0:00:07]} f5 {[%clk 0:00:16]} 38. exf5 {[%clk 0:00:08]} exf5
{[%clk 0:00:17]} 39. Rxa7 {[%clk 0:00:08]} Nd6 {[%clk 0:00:16]} 40. Bd4
{[%clk 0:00:08]} Ne4 {[%clk 0:00:12]} 41. Be5 {[%clk 0:00:08]} Kh7
{[%clk 0:00:13]} 42. Ke3 {[%clk 0:00:08]} Rg3+ {[%clk 0:00:13]} 43. Kd4
{[%clk 0:00:09]} Kh6 {[%clk 0:00:12]} 44. Kd5 {[%clk 0:00:09]} Rg6
{[%clk 0:00:08]} 45. Ra8 {[%clk 0:00:09]} Rb6 {[%clk 0:00:07]} 46. Bd4
{[%clk 0:00:09]} Rb7 {[%clk 0:00:06]} 47. Ke5 {[%clk 0:00:09]} Kg6
{[%clk 0:00:06]} 48. Ra6+ {[%clk 0:00:09]} Nf6 {[%clk 0:00:05]} 49. Kd6
{[%clk 0:00:08]} Rd7+ {[%clk 0:00:06]} 50. Kc5 {[%clk 0:00:09]} Re7
{[%clk 0:00:06]} 51. Be5 {[%clk 0:00:10]} Re8 {[%clk 0:00:06]} 52. Kd4
{[%clk 0:00:10]} Kh5 {[%clk 0:00:06]} 53. Ra7 {[%clk 0:00:06]} Kg6
{[%clk 0:00:06]} 54. Ra6 {[%clk 0:00:07]} Re7 {[%clk 0:00:08]} 55. Ke3
{[%clk 0:00:07]} Kh5 {[%clk 0:00:08]} 56. Kf3 {[%clk 0:00:08]} Ng4
{[%clk 0:00:07]} 57. Bd4 {[%clk 0:00:09]} g5 {[%clk 0:00:05]} 58. fxg5
{[%clk 0:00:09]} Kxg5 {[%clk 0:00:06]} 59. Ra8 {[%clk 0:00:09]} Rd7
{[%clk 0:00:06]} 60. Rg8+ {[%clk 0:00:10]} Kh5 {[%clk 0:00:06]} 61. Ba1
{[%clk 0:00:07]} Ra7 {[%clk 0:00:06]} 62. Bb2 {[%clk 0:00:07]} Ra4
{[%clk 0:00:06]} 63. Rh8+ {[%clk 0:00:04]} Kg6 {[%clk 0:00:08]} 64. Rg8+
{[%clk 0:00:05]} Kf7 {[%clk 0:00:09]} 65. Rb8 {[%clk 0:00:06]} Rc4
{[%clk 0:00:06]} 66. Rb7+ {[%clk 0:00:07]} Ke6 {[%clk 0:00:07]} 67. Rb6+
{[%clk 0:00:08]} Kf7 {[%clk 0:00:05]} 68. Rb7+ {[%clk 0:00:10]} Kg6
{[%clk 0:00:05]} 69. Rg7+ {[%clk 0:00:10]} Kh6 {[%clk 0:00:06]} 70. Rf7
{[%clk 0:00:11]} Rb4 {[%clk 0:00:05]} 71. Rxf5 {[%clk 0:00:07]} Nh2+
{[%clk 0:00:06]} 72. Kg3 {[%clk 0:00:08]} Rxb2 {[%clk 0:00:07]} 73. Rf2
{[%clk 0:00:09]} Rxf2 {[%clk 0:00:06]} 74. Kxf2 {[%clk 0:00:09]} 1/2-1/2

[Event "Russian Blitz Championship (m)"]
[Site "Sochi"]
[Date "2022.10.14"]
[Round "9.7"]
[White "Grachev, Boris"]
[Black "Khubukshanov, Erdem"]
[Result "1/2-1/2"]
[BlackElo "2377"]
[WhiteElo "2565"]
[LiveChessVersion "1.4.8"]

1. d4 {[%clk 0:03:03]} Nf6 {[%clk 0:03:03]} 2. Nf3 {[%clk 0:03:04]} d5
{[%clk 0:03:03]} 3. c4 {[%clk 0:03:01]} e6 {[%clk 0:03:04]} 4. g3
{[%clk 0:02:55]} dxc4 {[%clk 0:03:04]} 5. Bg2 {[%clk 0:02:55]} c6
{[%clk 0:03:05]} 6. a4 {[%clk 0:02:45]} Bb4+ {[%clk 0:02:56]} 7. Bd2
{[%clk 0:02:42]} a5 {[%clk 0:02:56]} 8. Qc2 {[%clk 0:02:35]} O-O {[%clk 0:02:47]}
9. Qxc4 {[%clk 0:02:19]} Na6 {[%clk 0:02:42]} 10. O-O {[%clk 0:02:17]} Qd5
{[%clk 0:02:41]} 11. Qc2 {[%clk 0:02:06]} Qf5 {[%clk 0:02:41]} 12. Qc1
{[%clk 0:01:55]} Rd8 {[%clk 0:02:25]} 13. Nc3 {[%clk 0:01:54]} h6
{[%clk 0:02:18]} 14. e4 {[%clk 0:01:36]} Nxe4 {[%clk 0:02:11]} 15. Nh4
{[%clk 0:01:28]} Nxc3 {[%clk 0:02:06]} 16. bxc3 {[%clk 0:01:29]} Qd3
{[%clk 0:02:04]} 17. cxb4 {[%clk 0:01:28]} Nxb4 {[%clk 0:01:53]} 18. Bxb4
{[%clk 0:01:24]} axb4 {[%clk 0:01:54]} 19. Rd1 {[%clk 0:01:25]} Qb3
{[%clk 0:01:50]} 20. a5 {[%clk 0:01:15]} e5 {[%clk 0:01:40]} 21. dxe5
{[%clk 0:01:14]} Bg4 {[%clk 0:01:40]} 22. Re1 {[%clk 0:01:06]} g5
{[%clk 0:01:31]} 23. h3 {[%clk 0:01:07]} Be6 {[%clk 0:01:15]} 24. Nf3
{[%clk 0:01:08]} Qd3 {[%clk 0:00:59]} 25. h4 {[%clk 0:00:34]} Bd5
{[%clk 0:00:42]} 26. Re3 {[%clk 0:00:30]} Qg6 {[%clk 0:00:39]} 27. hxg5
{[%clk 0:00:29]} hxg5 {[%clk 0:00:40]} 28. e6 {[%clk 0:00:25]} Bxe6
{[%clk 0:00:36]} 29. Re5 {[%clk 0:00:22]} Rd5 {[%clk 0:00:28]} 30. Nh4
{[%clk 0:00:11]} Qf6 {[%clk 0:00:22]} 31. Bxd5 {[%clk 0:00:10]} Qxe5
{[%clk 0:00:23]} 32. Bxe6 {[%clk 0:00:10]} gxh4 {[%clk 0:00:23]} 33. Bxf7+
{[%clk 0:00:04]} Kxf7 {[%clk 0:00:24]} 34. Qc4+ {[%clk 0:00:05]} Kg6
{[%clk 0:00:15]} 35. Qg4+ {[%clk 0:00:06]} Qg5 {[%clk 0:00:16]} 36. Qe4+
{[%clk 0:00:05]} Kh6 {[%clk 0:00:17]} 37. Kg2 {[%clk 0:00:04]} Qd5
{[%clk 0:00:16]} 38. Qxd5 {[%clk 0:00:05]} cxd5 {[%clk 0:00:17]} 39. Rh1
{[%clk 0:00:06]} Rxa5 {[%clk 0:00:08]} 40. Rxh4+ {[%clk 0:00:07]} Kg5
{[%clk 0:00:09]} 41. Rxb4 {[%clk 0:00:09]} b5 {[%clk 0:00:09]} 42. Rd4
{[%clk 0:00:10]} b4 {[%clk 0:00:09]} 43. Rxb4 {[%clk 0:00:11]} Kf5
{[%clk 0:00:08]} 44. Rb8 {[%clk 0:00:11]} Ke5 {[%clk 0:00:06]} 45. g4
{[%clk 0:00:10]} Ra3 {[%clk 0:00:07]} 46. Rf8 {[%clk 0:00:09]} d4
{[%clk 0:00:08]} 47. g5 {[%clk 0:00:09]} d3 {[%clk 0:00:07]} 48. g6
{[%clk 0:00:05]} Ra6 {[%clk 0:00:07]} 49. f4+ {[%clk 0:00:05]} Ke4
{[%clk 0:00:06]} 50. f5 {[%clk 0:00:06]} d2 {[%clk 0:00:07]} 51. Rd8
{[%clk 0:00:07]} Kxf5 {[%clk 0:00:08]} 52. Rxd2 {[%clk 0:00:06]} Rxg6+
{[%clk 0:00:09]} 1/2-1/2